000 00316nam a2200145Ia 4500
100 _aLochner/ Robert H/ Matar/ J.E.
942 _cBK
654 _aDesigning
245 _aDesigning for Quality
260 _bChapman & Hall
_c1990
082 _a620.0028
_bLOC
300 _a241
546 _aENGLISH
999 _c29615
_d29615